000 00336nam a2200133Ia 4500
008 191201s2008 xx 000 0 und d
100 _aLAFORE, Robert
245 0 _aObject Oriented Programming in Turbo C++
250 _aRep.
260 _aN.Delhi
_bGalgatia Pub. Pvt
_c2008
300 _a739
650 _aB.Tech(CSE)
942 _2ddc
_cBK
999 _c3931
_d3931